000 00470nam a2200133Ia 4500
008 220620s9999||||xx |||||||||||||| ||und||
020 _a9780260000000
100 _aRietig, Katharina
245 0 _aLearning in Governance
_bClimate Policy Integration in the European Union
546 _aEnglish[eng]
650 _aClimate Change||Earth System Governance||European Union||Learning||Public Policy
856 _uhttps://doi.org/10.7551/mitpress/13662.001.0001
942 _cEB
999 _c21707
_d21707